| 000 | 00743nam a2200277 a 4500 | ||
|---|---|---|---|
| 003 | AR-BaBNM | ||
| 005 | 20251128203827.0 | ||
| 008 | 082120s2002 ||||||||||||||000 | spa|| | ||
| 040 | _cAR-BaBNM | ||
| 100 | 1 | _aMornet, J. | |
| 245 | 0 | 0 |
_aEl dibujo, el maestro y el niño _beducación de la mano |
| 260 |
_aBuenos Aires _bLerú _c1970 |
||
| 300 |
_a127 p. _bil., diagr. |
||
| 650 | 4 | _aEDUCACION ARTISTICA | |
| 650 | 4 | _aDIBUJO | |
| 650 | 4 | _aMETODOS DE ENSEÑANZA | |
| 650 | 4 | _aGRAFICOS | |
| 650 | 4 | _aCOLOR | |
| 653 | _aEDUCACION PRIMARIA | ||
| 653 | _aTRABAJO MANUAL | ||
| 700 | 1 |
_aReisner, Luisa _eprologuista |
|
| 700 | 1 |
_aMeystre, Marcela C. de _etraductor |
|
| 700 | 1 |
_aLópez, Rosa _etraductor |
|
| 942 | _cBK | ||
| 998 | _cSILVI | ||
| 999 |
_c5061 _d5061 |
||